Makroekonomi untuk STPM

Bibliographic Details
Main Author: Aw, Pek Cheng (Author)
Format: Book
Language:Malay
Published: Singapore : ThomsonLearning 2004
Subjects:

MARC

LEADER 00000cam a2200000 7i4500
001 0000015655
005 20241022.0
008 240423 si a may
020 |a 9812541772 (paperback) 
040 |a INS   |b eng   |e rda 
090 0 0 |a HB172   |b A964 2004 
100 1 |a Aw, Pek Cheng ,   |e author 
245 1 0 |a Makroekonomi untuk STPM   |c Aw Pek Cheng 
264 1 |a Singapore :   |b ThomsonLearning   |c 2004 
264 4 |c ©2004 
300 |a ix, 304 pages :   |b illustrations ;   |c 26 cm. 
336 |a text  |2 rdacontent 
337 |a unmediated  |2 rdamedia 
338 |a volume  |2 rdacarrier 
650 0 |a Microeconomics 
999 |a 0000015711   |b BOOK   |c Open Shelf   |e Default branch